Online Catalogue and eLibrary

Religions in third world theology (Record no. 856)

MARC details
000 -LEADER
fixed length control field 00406nam a2200157Ia 4500
005 - DATE AND TIME OF LATEST TRANSACTION
control field 20240724030840.0
008 - FIXED-LENGTH DATA ELEMENTS--GENERAL INFORMATION
fixed length control field 240331s9999 xx 000 0 und d
082 ## - DDC Classification
Class No. 291
Item Number - Author Mark REL
100 ## - MAIN ENTRY--PERSONAL NAME
Personal name Asian Theology Centre.
245 #0 - TITLE STATEMENT
Title Religions in third world theology
260 ## - PUBLICATION, DISTRIBUTION, ETC.
Place of publication, distribution, etc. Colombo
Name of publisher, distributor, etc. Centre for Society & Religion
Date of publication, distribution, etc. 1985
300 ## - PHYSICAL DESCRIPTION
Extent (e.g. Volumes, Pages etc.) iv, 132 p.,
650 ## - SUBJECT ADDED ENTRY--TOPICAL TERM
Topical term or geographic name entry element Religion
650 ## - SUBJECT ADDED ENTRY--TOPICAL TERM
Topical term or geographic name entry element Theology
942 ## - Koha item type (Biblio)
Koha item type Books in Stacks (Lending)
Holdings
Lost status Damaged status Collection code Home library Current library Shelving location Date acquired Full call number Accession Number Item type
    Lending WERC Library WERC Library Social Science Cupboard 03/31/2024 291 REL 235 Books in Stacks (Lending)

© WERC Library